000 00329nam a2200133Ia 4500
008 240624s9999 xx 000 0 und d
041 _aeng
082 _a332.64 WIL
100 _aWILLMOTT
245 _aBEST OF WILMOTT 1 INCORPORATING THE QUAN
260 _c2005
_aEngland
_bJohn Wiley
300 _avii,446. ; 25cm.
365 _c
999 _c20686
_d20686